Cómo se cultivan las hortalizas de fruto /
Guardado en:
| Autor Principal: | |
|---|---|
| Formato: | Libro |
| Publicado: |
Barcelona :
De Vecchi,
1974
|
| Materias: | |
| Etiquetas: |
Agregar Etiqueta
Sin Etiquetas, Sea el primero en etiquetar este registro!
|
| LEADER | 00521nam a22001815a 4500 | ||
|---|---|---|---|
| 001 | CEM.cems015966 | ||
| 005 | 20121114175829.0 | ||
| 008 | 130507s1974##################000#0#####d | ||
| 003 | CEMS | ||
| 082 | 0 | 4 | |a 635.6 |
| 100 | 1 | |a Leñano, Fausto | |
| 245 | 1 | 0 | |a Cómo se cultivan las hortalizas de fruto / |c Fausto Leñano, |
| 260 | |a Barcelona : |b De Vecchi, |c 1974 | ||
| 300 | |a 166 p. | ||
| 653 | |a Agricultura | ||
| 653 | |a Horticultura | ||
| 653 | |a Hortalizas de fruto | ||
| 859 | |a CEMS |b BIB. CEMS - Agricultura |h 635.6 |i L476 |p A11012.82 |t Ej.1 | ||
